ICMS explained, (Record no. 121265)
[ view plain ]
| 000 -LEADER | |
|---|---|
| fixed length control field | 01470nam a22002537a 4500 |
| 008 - FIXED-LENGTH DATA ELEMENTS--GENERAL INFORMATION | |
| fixed length control field | 141222s2020 xxk|||||o|||| 00| 0 eng d |
| 020 ## - INTERNATIONAL STANDARD BOOK NUMBER | |
| ISBN | 9781783213986 |
| 041 ## - LANGUAGE CODE | |
| Language code of text/sound track or separate title | eng |
| 110 ## - MAIN ENTRY--CORPORATE NAME | |
| Corporate author | Royal Institution of Chartered Surveyors |
| 245 ## - TITLE STATEMENT | |
| Title | ICMS explained, |
| Subtitle | A user guide for the second edition of the International Construction Measurement Standards |
| Statement of responsibility, etc | [old edition] |
| 250 ## - EDITION | |
| Edition statement | 2nd |
| 260 ## - PUBLICATION INFORMATION | |
| Place of publication | London, |
| Publisher | RICS, |
| Date | April 2020 |
| 300 ## - PHYSICAL DESCRIPTION | |
| Physical description | 47p. |
| 500 ## - GENERAL NOTE | |
| General note | Superseded by the third edition ISBN 9781783214778 |
| 520 ## - ABSTRACT | |
| Abstract | Provides a brief guide to the background, structure, content and potential use of the second edition of ICMS. It explains the various sections of ICMS and provides detailed guidance on using the appendices, as well as explaining the classification system used in ICMS. Appendix 1 of this user guide contains a worked example, while Appendix 2 provides templates for use with ICMS. With reference to International Construction Measurement Standards: Global Consistency in Presenting Construction and Other Life Cycle Costs, 2nd edition, published in September 2019. |
| 650 ## - KEYWORDS | |
| Keywords | Construction |
| 650 ## - KEYWORDS | |
| Keywords | International Construction Measurement Standards |
| 651 ## - SUBJECT ADDED ENTRY--GEOGRAPHIC NAME | |
| Geographic name | International |
| 690 ## - BROAD SUBJECT | |
| 9 (RLIN) | 6256 |
| Broad subject | Measurement |
| 690 ## - BROAD SUBJECT | |
| 9 (RLIN) | 6230 |
| Broad subject | Construction management |
| 700 ## - ADDED PERSONAL NAME | |
| Added personal author | Horner, Malcolm |
| 856 ## - ONLINE RESOURCE | |
| Uniform Resource Identifier | <a href="https://icmscblog.files.wordpress.com/2020/04/icms-explained-v2.pdf">https://icmscblog.files.wordpress.com/2020/04/icms-explained-v2.pdf</a> |
| Public note | Archived on the ICMS filesite |
| 942 ## - ADDED ENTRY ELEMENTS (KOHA) | |
| Suppress in OPAC | Do not suppress in OPAC |
| Lost status | Damaged status | Not for loan | Home library | Current library | Shelving location | Date acquired | Total Checkouts | Full call number | Date last seen | Price effective from | Koha item type |
|---|---|---|---|---|---|---|---|---|---|---|---|
| Virtual | Virtual | Online | 25/08/2023 | ONLINE PUBLICATION | 25/08/2023 | 25/08/2023 | Online material |